000 00300nam a22001337a 4500
008 181102b xxu||||| |||| 00| 0 eng d
020 _a9780134929439
041 _aeng
080 _23rd
_a701
100 _a45
101 _aART
245 _aReality through the Arts
_cSporre, D.J
942 _2udc
_cBK
999 _c51651
_d51651